El Arco Minero del Orinoco: diversificación del extractivismo y nuevos regímenes biopolíticos /
Сохранить в:
| Главный автор: | |
|---|---|
| Формат: | |
| Язык: | Spanish |
| Метки: |
Добавить метку
Нет меток, Требуется 1-ая метка записи!
|
MARC
| LEADER | 00000nam a22000007a 4500 | ||
|---|---|---|---|
| 003 | cru CIDCACS/IIS | ||
| 005 | 20180525141639.0 | ||
| 007 | ta | ||
| 008 | 180525s2018 ag |||p|r||||||0| ||spa|d | ||
| 999 | |c 41466 |d 41466 | ||
| 040 | |c cru CIDCACS/IIS | ||
| 100 | 1 | |9 7269 |a Ruiz, Francisco Javier | |
| 245 | 1 | 3 | |a El Arco Minero del Orinoco: |b diversificación del extractivismo y nuevos regímenes biopolíticos / |c Francisco Javier Ruiz |
| 300 | |a páginas 129-141 | ||
| 773 | 0 | |0 19022 |9 2032 |a Fundación Friedrich Ebert |d Fundación Friedrich Ebert; Nueva Sociedad |o 18799 |t Nueva Sociedad / | |
| 942 | |2 ddc |c PP | ||
